000 00753nam a2200241Ia 4500
003 GCL
008 140319s9999 xx 000 0 ara d
040 _aGCL /
_cGCL
082 0 4 _a649
_bا ت
100 1 _aاولف رامسى
245 1 0 _aتدريب الاطفال على استعمال المراحض /
_cاولف رامسى
700 1 _aعماد ابوالسعود
260 _a[S.N] :
_bالدار العربية للعلوم ،
_c1991
300 _a71 ص
490 _aسلسلة الاسرة
_v0
650 0 4 _aالتربية
650 0 4 _aالاطفال
650 0 4 _aالاجتماع
650 0 4 _aالعناية الصحية
650 0 4 _aالاباء والابناء
650 0 4 _aاسلوب المعيشة
942 _2ddc
_cBK
999 _c58528
_d58528